| 000 | 00574nam a2200205Ia 4500 | ||
|---|---|---|---|
| 003 | GCL | ||
| 008 | 140319s9999 xx 000 0 ara d | ||
| 040 |
_aGCL / _cGCL |
||
| 082 | 0 | 4 |
_a149.3 _bل د |
| 100 | 1 | _aنايف بلوز(مترجم) | |
| 245 | 1 | 0 |
_aدراسات فى الواقعية / _cنايف بلوز(مترجم) |
| 700 | 1 | _aلوكاتش، جورج | |
| 300 | _a256 ص | ||
| 490 | _a | ||
| 650 | 0 | 4 | _aالواقعية |
| 650 | 0 | 4 | _aالفلسفة الحديثة |
| 650 | 0 | 4 | _aالرسائل |
| 650 | 0 | 4 | _aالفلسفة الاوربية |
| 942 |
_2ddc _cBK |
||
| 999 |
_c39392 _d39392 |
||